000 00468nam a2200145Ia 4500
003 OSt
005 20260202123524.0
008 211028s2019 xx 000 0 und d
040 _cAIMIT LIBRARY
041 _aeng
100 _aSaldanha, Ashok Anthony; Suresh, Rajani.
_g1716033
_98013
245 _aExamination of the impact of tax incentives on industrial growth a study with reference to Mangalore City /
260 _aMangalore
_bBalaraju
_c2019
942 _2ddc
_cPRO
999 _c219581
_d219581